Composición, organización y funcionamiento del Consejo Económico y Social (Registro nro. 30287)
[ vista simple ]
| 000 -CABECERA | |
|---|---|
| Longitud fija campo de control | 00907naa a2200253 c 4500 |
| 001 - NÚMERO DE CONTROL | |
| Número de control | 30287 |
| 003 - IDENTIFICADOR DE NÚMERO DE CONTROL | |
| Identificador del número de control | ES-MaCES |
| 005 - FECHA Y HORA DE LA ÚLTIMA TRANSACCIÓN | |
| Fecha y hora de la última transacción | 19981124160100.0 |
| 008 - CAMPO FIJO DE DESCRIPCIÓN FIJA--INFORMACIÓN GENERAL | |
| Códigos de información de longitud fija | 970602n1997 sp ||| | spa d |
| 035 ## - NÚMERO DE CONTROL DEL SISTEMA | |
| Número de control del sistema | CES19980042365v |
| 040 ## - FUENTE DE CATALOGACIÓN | |
| Centro catalogador de origen | ES-MaCES |
| Lengua de catalogación | spa |
| Centro transcriptor | ES-MaCES |
| 100 1# - ENCABEZAMIENTO PRINCIPAL--NOMBRE PERSONAL | |
| Nombre de persona | Vélez Toro, Antonio José |
| 9 (RLIN) | 25682 |
| 245 10 - MENCIÓN DE TÍTULO | |
| Título | Composición, organización y funcionamiento del Consejo Económico y Social |
| Mención de responsabilidad, etc. | por Antonio José Vélez Toro |
| 504 ## - NOTA DE BIBLIOGRAFÍA, ETC. | |
| Nota de bibliografía, etc. | Bibliografía |
| 610 24 - ASIENTO SECUNDARIO DE MATERIA--NOMBRE CORPORATIVO | |
| Nombre de entidad corporativa o nombre de jurisdicción como elemento inicial | Consejo Económico y Social (España) |
| 9 (RLIN) | 2408 |
| 650 #4 - ASIENTO SECUNDARIO DE MATERIA--TÉRMINO DE MATERIA | |
| Término de materia o nombre geográfico como elemento inicial | España |
| 9 (RLIN) | 26964 |
| 650 #4 - ASIENTO SECUNDARIO DE MATERIA--TÉRMINO DE MATERIA | |
| Término de materia o nombre geográfico como elemento inicial | organización institucional |
| 9 (RLIN) | 27196 |
| 650 #4 - ASIENTO SECUNDARIO DE MATERIA--TÉRMINO DE MATERIA | |
| Término de materia o nombre geográfico como elemento inicial | comisión consultiva |
| 9 (RLIN) | 29196 |
| 653 10 - TÉRMINO DE INDEXACIÓN--NO CONTROLADO | |
| Término no controlado | Administración-Instituciones públicas |
| 773 0# - ENTRADA DE DOCUMENTO FUENTE | |
| Título | Tribuna social |
| Parte(s) relacionada(s) | Valencia. - N. 75 (marzo 1997) ; p. 44-52 |
| Número de control del registro relacionado | (ES-MaCES)25455 |
| 902 ## - CES. TIPO DE DOCUMENTO | |
| Tipodoc (006$c Sirtex) | ART Artículo de revista |
| 942 ## - ELEMENTOS KOHA | |
| Fuente de clasificaión o esquema | Clasificación propia del CES |
| Koha [por defecto] tipo de item | Artículos (1982-2017) |
| Parte de clasificación | 6.3. |
No hay ítems disponibles.
